The CHP book of mysteries : (Record no. 105781)
[ view plain ]
| 000 -LEADER | |
|---|---|
| fixed length control field | 00426nam a2200145 a 4500 |
| 005 - DATE AND TIME OF LATEST TRANSACTION | |
| control field | 20140412111414.0 |
| 008 - FIXED-LENGTH DATA ELEMENTS--GENERAL INFORMATION | |
| fixed length control field | 070702s19uu xx 00 eng d |
| 020 ## - INTERNATIONAL STANDARD BOOK NUMBER | |
| International Standard Book Number | 0-88625-094-3 |
| 050 ## - LIBRARY OF CONGRESS CALL NUMBER | |
| Classification number | M 808.82 |
| Item number | O65 1986 |
| 100 ## - MAIN ENTRY--PERSONAL NAME | |
| Personal name | Donev, Mary Kaizer |
| 245 ## - TITLE STATEMENT | |
| Title | The CHP book of mysteries : |
| Remainder of title | the strange, the bizarre, and the unexplained. |
| 260 ## - PUBLICATION, DISTRIBUTION, ETC. (IMPRINT) | |
| Place of publication, distribution, etc | Hongkong : |
| Name of publisher, distributor, etc | Hayes publishing, |
| Date of publication, distribution, etc | 1986. |
| 300 ## - PHYSICAL DESCRIPTION | |
| Extent | 48 |
| Withdrawn status | Lost status | Damaged status | Home library | Current library | Shelving location | Date acquired | Source of acquisition | Total Checkouts | Full call number | Barcode | Date last seen | Price effective from | Koha item type |
|---|---|---|---|---|---|---|---|---|---|---|---|---|---|
| Elizalde Library | Elizalde Library | Main Section | 07/02/2007 | M 808.82 O65 1986 | E10658 | 04/12/2014 | 04/12/2014 | Books |